<?xml version="1.0" encoding="UTF-8"?>
<record
    xmlns:xsi="http://www.w3.org/2001/XMLSchema-instance"
    xsi:schemaLocation="http://www.loc.gov/MARC21/slim http://www.loc.gov/standards/marcxml/schema/MARC21slim.xsd"
    xmlns="http://www.loc.gov/MARC21/slim">

  <leader>00583nam a2200157Ia 4500</leader>
  <controlfield tag="001">6652</controlfield>
  <controlfield tag="008">260622s9999    xx            000 0 und d</controlfield>
  <datafield tag="245" ind1=" " ind2="0">
    <subfield code="a">&#x627;&#x644;&#x645;&#x641;&#x647;&#x648;&#x645; &#x627;&#x644;&#x62A;&#x631;&#x627;&#x62C;&#x64A;&#x62F;&#x64A; &#x648; &#x627;&#x644;&#x62F;&#x631;&#x627;&#x645;&#x627; &#x627;&#x644;&#x62D;&#x62F;&#x64A;&#x62B;&#x64A;&#x629;/ </subfield>
    <subfield code="c">&#x62F;. &#x641;&#x648;&#x632;&#x64A; &#x641;&#x647;&#x645;&#x64A; &#x623;&#x62D;&#x645;&#x62F;</subfield>
  </datafield>
  <datafield tag="260" ind1=" " ind2=" ">
    <subfield code="b">&#x645;&#x631;&#x643;&#x632; &#x627;&#x644;&#x634;&#x627;&#x631;&#x642;&#x629; &#x644;&#x644;&#x625;&#x628;&#x62F;&#x627;&#x639; &#x627;&#x644;&#x641;&#x643;&#x631;&#x64A;&#x60C; &#x62F;&#x627;&#x626;&#x631;&#x629; &#x627;&#x644;&#x62B;&#x642;&#x627;&#x641;&#x629; &#x648;&#x627;&#x644;&#x625;&#x639;&#x644;&#x627;&#x645;&#x61B; </subfield>
  </datafield>
  <datafield tag="300" ind1=" " ind2=" ">
    <subfield code="a">236p; </subfield>
    <subfield code="c">21x14cm</subfield>
  </datafield>
  <datafield tag="490" ind1=" " ind2=" ">
    <subfield code="a">&#x645;&#x643;&#x62A;&#x628;&#x629; &#x627;&#x644;&#x645;&#x633;&#x631;&#x62D;&#x61B; </subfield>
    <subfield code="v">19</subfield>
  </datafield>
  <datafield tag="546" ind1=" " ind2=" ">
    <subfield code="a">Arabic</subfield>
  </datafield>
  <datafield tag="650" ind1=" " ind2=" ">
    <subfield code="a">PN2000-3307 Literature- Dramatic representation. The theater</subfield>
  </datafield>
  <datafield tag="651" ind1=" " ind2=" ">
    <subfield code="a">Arab World</subfield>
  </datafield>
  <datafield tag="942" ind1=" " ind2=" ">
    <subfield code="c">BK</subfield>
  </datafield>
  <datafield tag="999" ind1=" " ind2=" ">
    <subfield code="c">6652</subfield>
    <subfield code="d">6652</subfield>
  </datafield>
  <datafield tag="952" ind1=" " ind2=" ">
    <subfield code="0">0</subfield>
    <subfield code="1">0</subfield>
    <subfield code="4">0</subfield>
    <subfield code="7">0</subfield>
    <subfield code="8">P</subfield>
    <subfield code="a">SAFL</subfield>
    <subfield code="b">SAFL</subfield>
    <subfield code="d">2026-06-22</subfield>
    <subfield code="l">0</subfield>
    <subfield code="o">PN2000-3307 10.874</subfield>
    <subfield code="p">6652</subfield>
    <subfield code="r">2026-06-22</subfield>
    <subfield code="w">2026-06-22</subfield>
    <subfield code="y">BK</subfield>
  </datafield>
</record>
